000 00438nam a2200181Ia 4500
008 090124s9999 xx 000 0 und d
082 _b125294
100 _aसाठे माया
245 _a अंगार
250 _a1
260 _c1992
300 _a187
600 _aसाठे माया
630 _a अंगार
700 _aसाठे माया
730 _a अंगार
942 _cBOOK
999 _c171382
_d171382